| 000 | 00659nam a2200229Ia 4500 | ||
|---|---|---|---|
| 003 | GCL | ||
| 008 | 140319s9999 xx 000 0 ara d | ||
| 040 |
_aGCL / _cGCL |
||
| 082 | 0 | 4 |
_a190 _bج ف |
| 100 | 1 | _aجلال الدين سعيد | |
| 245 | 1 | 0 |
_aفلسفة الجسد / _cجلال الدين سعيد |
| 260 |
_a[S.N] : _bدار امية ، _c1993 |
||
| 300 | _a101 | ||
| 490 |
_aقراءات امية الفلسفية _v0 |
||
| 650 | 0 | 4 | _aالفلسفة |
| 650 | 0 | 4 | _aالحضارة |
| 650 | 0 | 4 | _aالفلسفة الحديثة |
| 650 | 0 | 4 | _aالفلسفة الغربية |
| 650 | 0 | 4 | _aالزمان |
| 650 | 0 | 4 | _aالجسد |
| 942 |
_2ddc _cBK |
||
| 999 |
_c29227 _d29227 |
||